| 000 | 00679pam a2200241 a 4500 | ||
|---|---|---|---|
| 001 | 2806011 | ||
| 003 | NUST - PNEC | ||
| 005 | 20170116181047.0 | ||
| 008 | 820819s1983 nyua 001 0 eng | ||
| 010 | _a 82017137 | ||
| 020 | _a0070268339 (pbk.) | ||
| 040 |
_aDLC _cLIBRARY _dDLC |
||
| 050 | 0 | 0 |
_aTH7687 _b.H25 1983 |
| 082 | 0 | 0 |
_a697.93 HAR _219 |
| 100 | 1 | _aHarris, Norman C. | |
| 245 | 1 | 0 |
_aModern air conditioning practice / _cNorman C. Harris |
| 250 | _a3rd ed. | ||
| 260 |
_aNew York, N.Y. : _bGregg Division, McGraw-Hill, _cc1983. |
||
| 300 |
_axii, 433 p. : _bill. ; _c28 cm. |
||
| 500 | _aIncludes index. | ||
| 650 | 0 |
_aAir conditioning. _xME |
|
| 942 |
_2ddc _cBK |
||
| 999 |
_c68257 _d68257 |
||